Statistiques concernant Mammifères par image n°4

Cliquez ici pour prendre le quiz!

Statistiques générales

  • Ce quiz a été pris 11 300 fois
  • Le résultat moyen est 11 sur 18

Statistiques - réponses

Réponse% Correct
Écureuil
99%
Kangourou
98%
Léopard
93%
Guépard
90%
Panda roux
86%
Cochon d'Inde
82%
Phacochère
82%
Porc-épic
79%
Tamanoir
73%
Renne
59%
{Macaque} Japonais
46%
Bouquetin des Alpes
45%
Coyote
45%
Mandrill
28%
Rat-taupe nu
28%
Ours {malais}
14%
Gaur
7%
Phalanger volant
6%

Distribution des résultats

Percentile par nombre de réponses

% des personnes avec chaque résultat

Votre développement - résultats

Vous n’avez pas pris ce quiz